Geohazards : natural and man-made

Αποθηκεύτηκε σε:
Λεπτομέρειες βιβλιογραφικής εγγραφής
Άλλοι συγγραφείς: McCall, G. J. H. (Gerald Joseph Home) 1920- (Επιμελητής έκδοσης), Laming, D. J. C. (Επιμελητής έκδοσης), Scott, S. C. (Επιμελητής έκδοσης)
Μορφή: Βιβλίο
Γλώσσα:English
Δημοσίευση: London : Chapman and Hall, 1992
Σειρά:Geosciences in international development ; ; 15
Θέματα:
Ετικέτες: Προσθήκη ετικέτας
Δεν υπάρχουν, Καταχωρήστε ετικέτα πρώτοι!

MARC

LEADER 00000pam a2200000 i 4500
001 1/104253
008 950530s1992 eng d
020 |a 0-412-43930-1 
035 |l 10013191 
040 |a GR-MY-UA  |b gre  |e aacr 
041 0 |a eng 
082 0 |a 363.349 
245 1 0 |a Geohazards :  |b natural and man-made /  |c Edited by G. J. H. McCall, D. J. C. Laming and S. C. Scott 
260 |a London :   |b Chapman and Hall,   |c 1992 
300 |a 227 p.;  |b ill. (some col.), maps;  |c 29 cm 
490 1 |a Geosciences in international development  |v ; 15 
504 |a Includes bibliographical references and indexes 
650 0 0 |a Natural disasters. 
700 1 |a McCall, G. J. H.  |q (Gerald Joseph Home)  |d 1920-  |4 edt 
700 1 |a Laming, D. J. C.  |4 edt 
700 0 |a Scott, S. C.  |4 edt 
830 0 |a Geosciences in international development ;  |v ; 15 
852 |a INST  |b LESVOS  |e 19950530  |h 363.349 GEO  |p 005100000334  |q 005100000334  |t BK  |y 0 
909 |a Λ  |b 025429